[Event "AUTO-OPEN-2173"]
[Site "http://www.queenalice.com/game.php?id=862008"]
[Date "2010.11.21"]
[Round "1"]
[White "cecel"]
[Black "H3nri_AnArquismO"]
[Result "1-0"]
[WhiteElo "1649"]
[BlackElo "941"]

1. e4 e5 2. Nf3 d6 3. d4 exd4 4. Nxd4 c5 5. Bb5+ Bd7 6. Bxd7+ Qxd7 7. Nf3 a6 8.
O-O g6 9. Nc3 Bg7 10. Nd5 Qd8 11. Re1 Ne7 12. Nxe7 Qxe7 13. Bd2 O-O 14. Be3 1-0

[Event "AUTO-OPEN-2173"]
[Site "http://www.queenalice.com/game.php?id=862009"]
[Date "2010.11.21"]
[Round "1"]
[White "H3nri_AnArquismO"]
[Black "cecel"]
[Result "0-1"]
[WhiteElo "941"]
[BlackElo "1647"]

1. e4 e5 2. Nf3 Qe7 3. c3 g6 4. d3 h6 5. Be2 Bg7 6. O-O Nf6 7. Nbd2 b5 8. d4 d6
9. Bxb5+ c6 10. Ba4 Ba6 11. Re1 O-O 12. Qb3 d5 13. exd5 Nxd5 0-1

[Event "AUTO-OPEN-2173"]
[Site "http://www.queenalice.com/game.php?id=862036"]
[Date "2010.11.21"]
[Round "1"]
[White "koshnarek"]
[Black "H3nri_AnArquismO"]
[Result "1-0"]
[WhiteElo "1695"]
[BlackElo "965"]

1. e4 e5 2. Bc4 Nf6 3. Nc3 c6 4. Nf3 b5 5. Bb3 Bd6 6. Ng5 O-O 7. Nxf7 Rxf7 8.
Bxf7+ Kxf7 9. a3 Ba6 10. b4 Qb6 11. Na2 Nxe4 12. Qf3+ Nf6 13. d3 Qd4 14. c3 Qd5
15. Qxd5+ Nxd5 16. g3 c5 17. h4 Nc6 18. O-O 1-0

[Event "AUTO-OPEN-2173"]
[Site "http://www.queenalice.com/game.php?id=862037"]
[Date "2010.11.21"]
[Round "1"]
[White "H3nri_AnArquismO"]
[Black "koshnarek"]
[Result "0-1"]
[WhiteElo "965"]
[BlackElo "1697"]

1. e4 e5 2. c3 d5 3. Bd3 dxe4 4. Bxe4 Nf6 5. d3 Nxe4 6. dxe4 Qxd1+ 7. Kxd1 Bc5
8. f3 b5 9. Bg5 O-O 10. Nd2 f6 11. Bh4 g5 12. Bg3 Rd8 13. Kc2 a5 14. h4 Be3 15.
Rd1 Nc6 16. hxg5 fxg5 17. Nf1 Rxd1 18. Kxd1 Bc5 0-1

[Event "AUTO-OPEN-2173"]
[Site "http://www.queenalice.com/game.php?id=862055"]
[Date "2010.11.21"]
[Round "1"]
[White "H3nri_AnArquismO"]
[Black "volga1"]
[Result "1-0"]
[WhiteElo "1100"]
[BlackElo "1595"]

1. e4 g6 2. d4 Bg7 3. c3 d6 4. Nf3 Nd7 5. Bb5 a6 6. Bxd7+ Qxd7 7. O-O e6 8. Be3
Ne7 9. Nbd2 b6 10. b4 Bb7 11. a4 O-O-O 12. Ng5 c5 13. Nxf7 h5 14. Nxd8 Rxd8 15.
f3 Nc6 16. Nc4 cxb4 17. Nxb6+ Kc7 18. Nxd7 Rxd7 19. cxb4 1-0

[Event "AUTO-OPEN-2174"]
[Site "http://www.queenalice.com/game.php?id=862395"]
[Date "2010.11.22"]
[Round "1"]
[White "sasquatico"]
[Black "H3nri_AnArquismO"]
[Result "1-0"]
[WhiteElo "1675"]
[BlackElo "996"]

1. e4 e5 2. Nf3 d6 3. Bc4 c6 4. c3 Nf6 5. d3 Be7 6. O-O h6 7. Nbd2 a5 8. Bb3 Bg4
9. h3 Bxf3 10. Nxf3 b5 11. Bc2 Nbd7 12. a3 d5 13. exd5 cxd5 14. Re1 O-O 15. d4
e4 16. Ne5 Nxe5 17. dxe5 Nd7 18. Bf4 Nb6 19. Bb3 1-0

[Event "AUTO-OPEN-2174"]
[Site "http://www.queenalice.com/game.php?id=862396"]
[Date "2010.11.22"]
[Round "1"]
[White "H3nri_AnArquismO"]
[Black "sasquatico"]
[Result "0-1"]
[WhiteElo "996"]
[BlackElo "1673"]

1. e4 e5 2. Nf3 d6 3. c3 Bg4 4. Be2 Nf6 5. d3 Be7 6. Bg5 Nbd7 7. h3 Bxf3 8. Bxf3
Nc5 9. b4 Ne6 10. Bh4 O-O 11. O-O Nf4 12. Bg3 c6 13. Qd2 Qb6 14. Bxf4 exf4 15.
Qxf4 Nh5 16. Bxh5 g6 17. Be2 Qd8 18. g3 Bg5 19. Qf3 Bd2 0-1

[Event "AUTO-OPEN-2174"]
[Site "http://www.queenalice.com/game.php?id=862421"]
[Date "2010.11.22"]
[Round "1"]
[White "H3nri_AnArquismO"]
[Black "cesarbeck"]
[Result "0-1"]
[WhiteElo "941"]
[BlackElo "1735"]

1. e4 e5 2. Nf3 Nc6 3. c3 Bc5 4. d4 exd4 5. Nxd4 Nf6 6. Nxc6 bxc6 7. f3 d5 8. e5
Nd7 9. Bf4 O-O 10. b4 Be7 11. Bg3 Re8 12. Bd3 Bf6 13. f4 Bh4 0-1

[Event "AUTO-OPEN-2174"]
[Site "http://www.queenalice.com/game.php?id=862422"]
[Date "2010.11.22"]
[Round "1"]
[White "cesarbeck"]
[Black "H3nri_AnArquismO"]
[Result "1-0"]
[WhiteElo "1733"]
[BlackElo "941"]

1. e4 e5 2. Nf3 d6 3. Bc4 c6 4. Nc3 a5 5. a3 b5 6. Ba2 Bg4 7. d3 Nd7 8. h3 Bh5
9. g4 Bg6 10. Ng5 Be7 11. h4 Bxg5 12. Bxg5 f6 13. Be3 Ne7 14. d4 1-0

[Event "AUTO-OPEN-2174"]
[Site "http://www.queenalice.com/game.php?id=862423"]
[Date "2010.11.22"]
[Round "1"]
[White "H3nri_AnArquismO"]
[Black "Pagano"]
[Result "0-1"]
[WhiteElo "965"]
[BlackElo "2064"]

1. e4 a6 2. d4 b5 3. c3 Bb7 4. Bd3 e6 5. Nf3 c5 6. Bg5 f6 7. Be3 c4 8. Bc2 Ne7
9. b4 d6 10. a4 Ng6 11. a5 Nc6 12. Nfd2 d5 13. O-O Bd6 14. Qh5 Kf7 15. f4 Ne7
16. e5 Bc7 17. g4 Bc8 0-1

[Event "AUTO-OPEN-2174"]
[Site "http://www.queenalice.com/game.php?id=862424"]
[Date "2010.11.22"]
[Round "1"]
[White "Pagano"]
[Black "H3nri_AnArquismO"]
[Result "1-0"]
[WhiteElo "2042"]
[BlackElo "965"]

1. e4 e5 2. f4 d6 3. Nf3 exf4 4. Bc4 c6 5. d4 b5 6. Bb3 a5 7. a4 Qf6 8. O-O h6
9. Bxf4 Qxf4 10. Qe1 Qg4 11. d5 Bd7 12. dxc6 Bxc6 13. Bxf7+ Kd8 14. axb5 Bxb5
15. Rxa5 Bxf1 16. Kxf1 Rxa5 17. Qxa5+ Ke7 18. Bd5 Qf4 19. Nc3 Qc1+ 20. Kf2 Qxc2+
21. Kg3 1-0

[Event "AUTO-OPEN-2193"]
[Site "http://www.queenalice.com/game.php?id=870759"]
[Date "2010.12.12"]
[Round "1"]
[White "H3nri_AnArquismO"]
[Black "Ticovi"]
[Result "0-1"]
[WhiteElo "996"]
[BlackElo "1470"]

1. e4 e5 2. c3 Nf6 3. d3 Nc6 4. Bg5 h6 5. Bh4 Bc5 6. Qf3 g5 7. Bg3 d6 8. h3 a5
9. Ne2 b5 10. Nc1 g4 0-1

[Event "AUTO-OPEN-2193"]
[Site "http://www.queenalice.com/game.php?id=870761"]
[Date "2010.12.12"]
[Round "1"]
[White "H3nri_AnArquismO"]
[Black "mouderjr"]
[Result "0-1"]
[WhiteElo "971"]
[BlackElo "1943"]

1. e4 Nc6 2. c3 b6 3. d4 e6 4. Bb5 Nb8 5. Nf3 a6 6. Ba4 b5 7. Bc2 Bb7 8. Be3 d5
9. e5 Nd7 10. a3 c5 11. b4 cxb4 12. axb4 Nb6 13. Na3 Rc8 14. Qd2 h6 15. O-O Ne7
16. Ne1 Rc7 0-1

[Event "AUTO-OPEN-2193"]
[Site "http://www.queenalice.com/game.php?id=870762"]
[Date "2010.12.12"]
[Round "1"]
[White "mouderjr"]
[Black "H3nri_AnArquismO"]
[Result "1-0"]
[WhiteElo "1941"]
[BlackElo "971"]

1. d4 d5 2. c4 c6 3. Nf3 dxc4 4. e4 b5 5. a4 a6 6. axb5 cxb5 7. b3 cxb3 8. Qxb3
Nc6 9. Bb2 e6 10. Nbd2 Bb4 11. Bd3 Bxd2+ 12. Nxd2 Nxd4 13. Bxd4 Qxd4 14. O-O Ne7
15. Rad1 Qa7 16. Qb2 O-O 17. Kh1 1-0